[Event "Titled Tuesday intern op 16th Apr Early"]
[Site "Chess.com INT"]
[Date "2024.04.16"]
[Round "2"]
[White "Cogan, Nicolas"]
[Black "Kislinsky, Alexey"]
[Result "1/2-1/2"]
[WhiteElo "2110"]
[BlackElo "2355"]
[PlyCount "100"]
[EventDate "2024.04.16"]
[EventType "swiss (blitz)"]
[EventRounds "11"]
[EventCountry "USA"]
[SourceTitle "CB17_2024"]
[SourceDate "2024.04.24"]
[SourceVersion "1"]
[SourceVersionDate "2024.04.24"]
[SourceQuality "1"]

1. d4 Nf6 2. c4 g6 3. Nc3 Bg7 4. e4 d6 5. f4 0-0 6. Nf3 Bg4 7. Be2 Nc6 8. d5 Nb8 9. 0-0 Nbd7 10. h3 Bxf3 11. Bxf3 c6 12. Be3 cxd5 13. cxd5 Ne8 14. Bd4 Bxd4+ 15. Qxd4 Qb6 16. Qxb6 Nxb6 17. b3 Nc7 18. Rac1 Na6 19. Nb5 Nb4 20. Rc7 Nxa2 21. Rxe7 Rfd8 22. Rxb7 Nd7 23. Nxd6 Nc5 24. Rb5 Nd3 25. e5 Nxf4 26. Ne4 a5 27. d6 Ra7 28. Ra1 Nd3 29. Rxa2 Nc1 30. Raxa5 Rxa5 31. Rxa5 Nxb3 32. Ra7 Nd4 33. Nf6+ Kg7 34. Bd5 Nf5 35. Rxf7+ Kh6 36. Rxh7+ Kg5 37. Kh2 Nxd6 38. Rd7 Rxd7 39. Nxd7 Nf5 40. e6 Ne7 41. g4 Nxd5 42. Ne5 Kf6 43. Nxg6 Kxg6 44. Kg3 Kf6 45. h4 Kxe6 46. h5 Kf6 47. h6 Kg6 48. g5 Ne7 49. h7 Kxh7 50. g6+ Kxg6 1/2-1/2

[Event "Titled Tuesday intern op 16th Apr Late"]
[Site "Chess.com INT"]
[Date "2024.04.16"]
[Round "8"]
[White "Cogan, Nicolas"]
[Black "Mena, Martin"]
[Result "1-0"]
[WhiteElo "2110"]
[BlackElo "1971"]
[PlyCount "53"]
[EventDate "2024.04.16"]
[EventType "swiss (blitz)"]
[EventRounds "11"]
[EventCountry "USA"]
[SourceTitle "CB17_2024"]
[SourceDate "2024.04.24"]
[SourceVersion "1"]
[SourceVersionDate "2024.04.24"]
[SourceQuality "1"]

1. d4 d5 2. c4 e6 3. Nc3 Nf6 4. cxd5 exd5 5. Bg5 Be7 6. Qc2 g6 7. e3 Bf5 8. Qb3 Nbd7 9. Bh6 c6 10. h3 Qb6 11. Qxb6 axb6 12. g4 Be6 13. Bd3 Rg8 14. Bf4 c5 15. Nf3 c4 16. Bc2 Bb4 17. 0-0 Bxc3 18. bxc3 Ra3 19. Rfb1 Rxc3 20. Ba4 Ke7 21. Bg5 Kd6 22. Bxf6 Nxf6 23. Rxb6+ Kc7 24. Rab1 Rb8 25. Ne5 Ra3 26. Bd1 Ne4 27. f3 1-0

[Event "Titled Tuesday intern op 16th Apr Early"]
[Site "Chess.com INT"]
[Date "2024.04.16"]
[Round "9"]
[White "Enkhrii, Enkh Amgalan"]
[Black "Cogan, Nicolas"]
[Result "0-1"]
[WhiteElo "1942"]
[BlackElo "2110"]
[PlyCount "120"]
[EventDate "2024.04.16"]
[EventType "swiss (blitz)"]
[EventRounds "11"]
[EventCountry "USA"]
[SourceTitle "CB17_2024"]
[SourceDate "2024.04.24"]
[SourceVersion "1"]
[SourceVersionDate "2024.04.24"]
[SourceQuality "1"]

1. e4 Nf6 2. e5 Nd5 3. d4 d6 4. Nf3 g6 5. Be2 Bg7 6. 0-0 0-0 7. c4 Nb6 8. exd6 cxd6 9. Nc3 Bg4 10. b3 d5 11. c5 Nc8 12. Ne5 Bxe2 13. Qxe2 Nc6 14. Nxc6 bxc6 15. Rd1 Re8 16. Bg5 Qa5 17. Na4 e5 18. f4 e4 19. f5 gxf5 20. Be3 Ne7 21. Qh5 Qc7 22. Rf1 Qd7 23. g4 f4 24. Rxf4 Ng6 25. Rf5 Rab8 26. Raf1 Rf8 27. Nc3 Rb4 28. Ne2 a5 29. h4 a4 30. bxa4 Rxa4 31. Qg5 Rxa2 32. Ng3 Qc7 33. Bf4 Qe7 34. Bd6 Qxg5 35. hxg5 Bxd4+ 36. Kh1 Raa8 37. Bxf8 Rxf8 38. Nh5 e3 39. Nf6+ Kg7 40. Nd7 Re8 41. Rxf7+ Kg8 42. R7f3 e2 43. Re1 Re7 44. Nf6+ Kg7 45. Nh5+ Kg8 46. Nf6+ Kg7 47. Nh5+ Kh8 48. Rd3 Bxc5 49. Rd2 Bb4 50. Rdxe2 Bxe1 51. Rxe7 Nxe7 52. Kg2 Bd2 53. Kf3 Bxg5 54. Ng3 h6 55. Ne2 Kg7 56. Nd4 Kf7 57. Ke2 c5 58. Nb5 Ke6 59. Nc7+ Ke5 60. Kd3 Kf4 0-1

[Event "Titled Tuesday intern op 16th Apr Late"]
[Site "Chess.com INT"]
[Date "2024.04.16"]
[Round "5"]
[White "Karamsetty, Jeevan"]
[Black "Cogan, Nicolas"]
[Result "1-0"]
[WhiteElo "2222"]
[BlackElo "2110"]
[PlyCount "63"]
[EventDate "2024.04.16"]
[EventType "swiss (blitz)"]
[EventRounds "11"]
[EventCountry "USA"]
[SourceTitle "CB17_2024"]
[SourceDate "2024.04.24"]
[SourceVersion "1"]
[SourceVersionDate "2024.04.24"]
[SourceQuality "1"]

1. e4 Nf6 2. e5 Nd5 3. d4 d6 4. c4 Nb6 5. exd6 cxd6 6. Nc3 g6 7. Be2 Bg7 8. h3 0-0 9. Nf3 Bf5 10. 0-0 d5 11. c5 Nc4 12. Qb3 Nc6 13. Qxb7 Nxd4 14. Nxd4 Bxd4 15. Nxd5 Na5 16. Nxe7+ Kh8 17. Qb4 Be6 18. Rd1 Qxe7 19. Qxd4+ Kg8 20. Bh6 f6 21. Bxf8 Rxf8 22. Qd6 Re8 23. Bb5 Qxd6 24. Rxd6 Re7 25. Re1 Kf7 26. b4 Nb7 27. Rdxe6 Rxe6 28. Bc4 Nd8 29. c6 Ke7 30. Bxe6 Nxe6 31. c7 Kd7 32. Rxe6 1-0

[Event "Titled Tuesday intern op 02nd Apr Late"]
[Site "Chess.com INT"]
[Date "2024.04.02"]
[Round "2"]
[White "Cogan, Nicolas"]
[Black "Goltsev, Dmitry"]
[Result "0-1"]
[WhiteElo "2110"]
[BlackElo "2215"]
[PlyCount "142"]
[EventDate "2024.04.02"]
[EventType "swiss (blitz)"]
[EventRounds "11"]
[EventCountry "USA"]
[SourceTitle "CB15_2024"]
[SourceDate "2024.04.10"]
[SourceVersion "1"]
[SourceVersionDate "2024.04.10"]
[SourceQuality "1"]

1. d4 Nf6 2. c4 e6 3. Nc3 d5 4. cxd5 exd5 5. Bg5 c6 6. e3 Bf5 7. Bd3 Bg6 8. Nge2 Bd6 9. f3 h6 10. Bh4 Na6 11. Bxg6 fxg6 12. 0-0 0-0 13. a3 Nc7 14. Kh1 g5 15. Bg3 Re8 16. Qd3 Nh5 17. Bxd6 Qxd6 18. e4 Ne6 19. e5 Qe7 20. g3 Qf7 21. Rf2 Rf8 22. Raf1 Rad8 23. b4 b6 24. f4 gxf4 25. gxf4 Qf5 26. Qe3 c5 27. bxc5 bxc5 28. Nb5 Qg4 29. f5 cxd4 30. Nbxd4 Ng5 31. e6 Rde8 32. Nf4 Nf6 33. Ng6 Nfe4 34. Rg2 Qh5 35. Nxf8 Rxf8 36. Qe2 Qh4 37. Qg4 Qxg4 38. Rxg4 Rc8 39. h4 Nh7 40. Nf3 Nhf6 41. Rg2 Rc3 42. Ne5 Kf8 43. Rfg1 Rh3+ 44. Rh2 Re3 45. Kg2 Re2+ 46. Kh3 Nf2+ 47. Rxf2 Rxf2 48. Ng6+ Ke8 49. Rb1 Kd8 50. e7+ Kd7 51. Rb7+ Kd6 52. Rb8 Rxf5 53. e8Q Nxe8 54. Rxe8 Rf3+ 55. Kg4 Rxa3 56. Rd8+ Kc5 57. Rg8 Ra4+ 58. Kh5 d4 59. Rxg7 d3 60. Rd7 Rd4 61. Rxd4 Kxd4 62. Kxh6 d2 63. h5 d1Q 64. Nf8 Qf3 65. Ng6 a5 66. Ne7 Qf6+ 67. Ng6 a4 68. Kh7 a3 69. h6 a2 70. Ne7 a1Q 71. Kg8 Qa8+ 0-1

[Event "Titled Tuesday intern op 02nd Apr Early"]
[Site "Chess.com INT"]
[Date "2024.04.02"]
[Round "4"]
[White "Cogan, Nicolas"]
[Black "Pajeken, Jakob Leon"]
[Result "0-1"]
[WhiteElo "2110"]
[BlackElo "2423"]
[PlyCount "30"]
[EventDate "2024.04.02"]
[EventType "swiss (blitz)"]
[EventRounds "11"]
[EventCountry "USA"]
[SourceTitle "CB15_2024"]
[SourceDate "2024.04.10"]
[SourceVersion "1"]
[SourceVersionDate "2024.04.10"]
[SourceQuality "1"]

1. d4 d5 2. c4 dxc4 3. Nf3 Nf6 4. a4 Nc6 5. Nc3 e6 6. e3 Na5 7. e4 Bb4 8. Qc2 Nb3 9. Rb1 Nxd4 10. Nxd4 Qxd4 11. Bd2 b6 12. Be2 Bb7 13. 0-0 Bxc3 14. Bxc3 Qxe4 15. Qd2 Qxg2# 0-1

[Event "Titled Tuesday intern op 02nd Apr Early"]
[Site "Chess.com INT"]
[Date "2024.04.02"]
[Round "3"]
[White "Gurevich, Dmitry"]
[Black "Cogan, Nicolas"]
[Result "1-0"]
[WhiteElo "2357"]
[BlackElo "2110"]
[PlyCount "91"]
[EventDate "2024.04.02"]
[EventType "swiss (blitz)"]
[EventRounds "11"]
[EventCountry "USA"]
[SourceTitle "CB15_2024"]
[SourceDate "2024.04.10"]
[SourceVersion "1"]
[SourceVersionDate "2024.04.10"]
[SourceQuality "1"]

1. d4 Nf6 2. c4 e6 3. g3 d5 4. Bg2 Bb4+ 5. Nd2 0-0 6. Ngf3 Nc6 7. 0-0 dxc4 8. Nxc4 Qe7 9. a3 Bd6 10. b4 a6 11. Qc2 e5 12. dxe5 Nxe5 13. Nfxe5 Bxe5 14. Nxe5 Qxe5 15. Bf4 Qe7 16. Rfd1 Re8 17. Bxc7 Be6 18. Bd6 Qd7 19. Be5 Qb5 20. Bxf6 gxf6 21. e3 Rac8 22. Qd3 Qxd3 23. Rxd3 Re7 24. Rad1 Kg7 25. h3 Rc2 26. g4 Rec7 27. Be4 Ra2 28. R1d2 Ra1+ 29. Kg2 b5 30. Bf3 Rcc1 31. Rd1 Rxd1 32. Bxd1 Bc4 33. Rd6 Rxa3 34. Bf3 a5 35. bxa5 Rxa5 36. Rb6 Ra2 37. Be4 Rb2 38. h4 b4 39. Kg3 Be6 40. f4 b3 41. f5 Bc4 42. g5 Bf1 43. Rxf6 Re2 44. Kf3 b2 45. Rb6 Rh2 46. f6+ 1-0

[Event "Titled Tuesday intern op 02nd Apr Early"]
[Site "Chess.com INT"]
[Date "2024.04.02"]
[Round "11"]
[White "Kanter, Eduard"]
[Black "Cogan, Nicolas"]
[Result "1-0"]
[WhiteElo "2344"]
[BlackElo "2110"]
[PlyCount "63"]
[EventDate "2024.04.02"]
[EventType "swiss (blitz)"]
[EventRounds "11"]
[EventCountry "USA"]
[SourceTitle "CB15_2024"]
[SourceDate "2024.04.10"]
[SourceVersion "1"]
[SourceVersionDate "2024.04.10"]
[SourceQuality "1"]

1. d4 Nf6 2. c4 e6 3. Nf3 Bb4+ 4. Bd2 Qe7 5. g3 0-0 6. Nc3 d6 7. Bg2 Bxc3 8. Bxc3 Ne4 9. Qc2 Nxc3 10. Qxc3 Nd7 11. 0-0 c6 12. e4 e5 13. Rfe1 Re8 14. Rad1 Nf6 15. h3 b6 16. b4 a5 17. a3 axb4 18. axb4 Bb7 19. dxe5 dxe5 20. c5 bxc5 21. bxc5 Ba6 22. Rd6 Bb5 23. Nh4 Ra4 24. Nf5 Qc7 25. Qd2 Rc4 26. Rxf6 Rxc5 27. Qg5 g6 28. Nh6+ Kg7 29. Rxf7+ Qxf7 30. Nxf7 Kxf7 31. Qh6 Kg8 32. Rd1 1-0

[Event "Titled Tuesday intern op 02nd Apr Early"]
[Site "Chess.com INT"]
[Date "2024.04.02"]
[Round "2"]
[White "Mikhalchenko, Petr"]
[Black "Cogan, Nicolas"]
[Result "1-0"]
[WhiteElo "2322"]
[BlackElo "2110"]
[PlyCount "93"]
[EventDate "2024.04.02"]
[EventType "swiss (blitz)"]
[EventRounds "11"]
[EventCountry "USA"]
[SourceTitle "CB15_2024"]
[SourceDate "2024.04.10"]
[SourceVersion "1"]
[SourceVersionDate "2024.04.10"]
[SourceQuality "1"]

1. c4 Nf6 2. Nc3 c5 3. g3 g6 4. Bg2 Bg7 5. e3 0-0 6. Nge2 Nc6 7. 0-0 Ne5 8. b3 Nd3 9. Ba3 d6 10. Qb1 Nb4 11. d4 cxd4 12. Nxd4 Na6 13. Rd1 Rb8 14. Ncb5 Qb6 15. Rd2 Bd7 16. Qd1 Bc6 17. Nxc6 bxc6 18. Nd4 Rfc8 19. Rc1 c5 20. Nc2 Nd7 21. h4 h5 22. Bh3 Rc7 23. Rb1 Bc3 24. Re2 Bg7 25. Bb2 Ne5 26. Bg2 Nb4 27. Nxb4 Qxb4 28. Qc2 a5 29. f4 Ng4 30. Bxg7 Kxg7 31. Bf3 Nf6 32. e4 e6 33. Rd1 Rd8 34. Red2 Ne8 35. Qb2+ Kg8 36. f5 exf5 37. exf5 Re7 38. fxg6 fxg6 39. Bd5+ Kh7 40. Rf2 Ng7 41. Rdf1 Qb8 42. Qf6 Rde8 43. Bf7 Re6 44. Bxg6+ Kh8 45. Qg5 Re5 46. Qh6+ Kg8 47. Qh7# 1-0

[Event "Titled Tuesday intern op 02nd Apr Early"]
[Site "Chess.com INT"]
[Date "2024.04.02"]
[Round "5"]
[White "Ricaurte Lopez, Juan Carlos"]
[Black "Cogan, Nicolas"]
[Result "0-1"]
[WhiteElo "2226"]
[BlackElo "2110"]
[PlyCount "104"]
[EventDate "2024.04.02"]
[EventType "swiss (blitz)"]
[EventRounds "11"]
[EventCountry "USA"]
[SourceTitle "CB15_2024"]
[SourceDate "2024.04.10"]
[SourceVersion "1"]
[SourceVersionDate "2024.04.10"]
[SourceQuality "1"]

1. e4 Nf6 2. e5 Nd5 3. d4 d6 4. Nf3 g6 5. c4 Nb6 6. Nc3 Bg7 7. Bf4 0-0 8. Be2 Nc6 9. 0-0 Bg4 10. exd6 cxd6 11. d5 Bxf3 12. Bxf3 Ne5 13. Bxe5 Bxe5 14. Qd3 Bg7 15. Rac1 Nd7 16. b4 Ne5 17. Qe2 Rc8 18. Nb5 Nxf3+ 19. Qxf3 a6 20. Na3 Qd7 21. Qb3 Rc7 22. Rc2 Rfc8 23. Rfc1 h5 24. h3 Bh6 25. Rd1 Qf5 26. Re2 Bg7 27. Rd3 Qf4 28. g3 Qf5 29. Kg2 Qf6 30. Rf3 Qa1 31. c5 dxc5 32. bxc5 Rxc5 33. d6 Rc1 34. Qxf7+ Kh7 35. Rd3 Rg1+ 36. Kf3 exd6 37. Re8 Rxe8 38. Qxe8 Qf6+ 39. Ke2 Qb2+ 40. Kf3 Qf6+ 41. Ke2 Ra1 42. Nc4 Rxa2+ 43. Nd2 Qe5+ 44. Qxe5 dxe5 45. Rd7 Kg8 46. Kd3 b5 47. Ne4 Ra3+ 48. Ke2 Ra2+ 49. Kd3 Ra3+ 50. Ke2 a5 51. Ng5 Ra2+ 52. Kf3 b4 0-1

[Event "Africa-ch rapid"]
[Site "Accra"]
[Date "2024.03.10"]
[Round "6"]
[White "Cogan, Nicolas"]
[Black "Silva, David Miguel Da"]
[Result "0-1"]
[WhiteElo "2070"]
[BlackElo "2358"]
[PlyCount "92"]
[EventDate "2024.03.07"]
[EventType "swiss (rapid)"]
[EventRounds "6"]
[EventCountry "GHA"]
[SourceTitle "CB15_2024"]
[SourceDate "2024.04.10"]
[SourceVersion "1"]
[SourceVersionDate "2024.04.10"]
[SourceQuality "1"]

1. d4 Nf6 2. c4 g6 3. Nc3 Bg7 4. e4 d6 5. f4 0-0 6. Nf3 c5 7. d5 e6 8. Be2 exd5 9. cxd5 Re8 10. e5 Ng4 11. h3 Nh6 12. 0-0 Nf5 13. Kh2 Nd4 14. Nxd4 cxd4 15. Qxd4 dxe5 16. Qf2 Nd7 17. f5 Rf8 18. Be3 Nf6 19. Kh1 gxf5 20. Bg5 a6 21. g4 f4 22. Qh4 Qd6 23. Bd3 h6 24. Bxh6 Bxh6 25. Qxh6 Ne4 26. Qh4 Qd8 27. g5 Ng3+ 28. Kg2 Bf5 29. Rad1 Qd6 30. Rfe1 Qg6 31. Bxf5 Nxf5 32. Qg4 Ne3+ 33. Rxe3 fxe3 34. Ne4 Rac8 35. Kf3 Kg7 36. d6 Rc4 37. d7 Rd4 38. Rxd4 exd4 39. Qf4 Qe6 40. Nf6 e2 41. Qxd4 e1Q 42. Nh5+ Kg6 43. Nf4+ Kh7 44. d8Q Qf1+ 45. Kg3 Rxd8 46. Qxd8 Qe3+ 0-1

[Event "Africa-ch rapid"]
[Site "Accra"]
[Date "2024.03.10"]
[Round "5"]
[White "Oluka, Robert Mcligeyo"]
[Black "Cogan, Nicolas"]
[Result "1/2-1/2"]
[WhiteElo "2041"]
[BlackElo "2070"]
[PlyCount "60"]
[EventDate "2024.03.07"]
[EventType "swiss (rapid)"]
[EventRounds "6"]
[EventCountry "GHA"]
[SourceTitle "CB15_2024"]
[SourceDate "2024.04.10"]
[SourceVersion "1"]
[SourceVersionDate "2024.04.10"]
[SourceQuality "1"]

1. d4 Nf6 2. Nf3 e6 3. c4 a6 4. Nc3 Bb4 5. Bg5 h6 6. Bxf6 Qxf6 7. e3 c5 8. a3 Bxc3+ 9. bxc3 0-0 10. Be2 d5 11. cxd5 exd5 12. 0-0 Nc6 13. dxc5 Be6 14. Nd4 Qe7 15. Nxc6 bxc6 16. Qd4 Bf5 17. Bf3 Rab8 18. c4 dxc4 19. Qxc4 Rb5 20. Rfc1 Qf6 21. a4 Rb2 22. Qd4 Rd8 23. Qxf6 gxf6 24. g4 Be6 25. Rd1 Rxd1+ 26. Rxd1 Rc2 27. Rd6 Rc1+ 28. Kg2 Rxc5 29. h3 Rc4 30. Rd4 Rc1 1/2-1/2

[Event "Africa-chT rapid 13th"]
[Site "Accra"]
[Date "2024.03.09"]
[Round "4.17"]
[White "Cogan, Nicolas"]
[Black "Pedro Manuel, Envo Engonga Avomo"]
[Result "1-0"]
[WhiteElo "2070"]
[BlackElo "1702"]
[PlyCount "74"]
[EventDate "2024.03.09"]
[EventType "team-swiss (rapid)"]
[EventRounds "6"]
[EventCountry "GHA"]
[SourceTitle "CB11_2024"]
[SourceDate "2024.03.13"]
[SourceVersion "1"]
[SourceVersionDate "2024.03.13"]
[SourceQuality "1"]
[WhiteTeam "Ivory Coast"]
[BlackTeam "Guinea"]
[WhiteTeamCountry "IVO"]
[BlackTeamCountry "GUI"]

1. d4 d5 2. c4 e6 3. Nc3 c6 4. Nf3 Nd7 5. e4 dxe4 6. Nxe4 Ngf6 7. Nc3 Bd6 8. Bd3 Qe7 9. 0-0 0-0 10. Re1 Qd8 11. Bg5 Qc7 12. Qc2 h6 13. Bh4 Re8 14. Re2 b6 15. Rae1 Bb7 16. Qd1 Nh5 17. Bb1 Nf8 18. Ne5 g5 19. Bg3 Nxg3 20. hxg3 Rad8 21. Qc2 Kg7 22. Re3 Bb4 23. Qe2 f6 24. Nf3 g4 25. Nh4 Rxd4 26. Nf5+ exf5 27. Rxe8 Qd7 28. a3 Bc5 29. Qf1 Rd2 30. R8e2 Rd4 31. Rd1 Ba6 32. b3 Bxa3 33. Qe1 Bb4 34. Rc1 Kg6 35. Re3 Rd2 36. Rd1 Bxc3 37. Rxd2 Qxd2 1-0

[Event "Africa-chT rapid 13th"]
[Site "Accra"]
[Date "2024.03.09"]
[Round "1.9"]
[White "Mwali, Chitumbo"]
[Black "Cogan, Nicolas"]
[Result "1-0"]
[WhiteElo "2340"]
[BlackElo "2070"]
[PlyCount "83"]
[EventDate "2024.03.09"]
[EventType "team-swiss (rapid)"]
[EventRounds "6"]
[EventCountry "GHA"]
[SourceTitle "CB11_2024"]
[SourceDate "2024.03.13"]
[SourceVersion "1"]
[SourceVersionDate "2024.03.13"]
[SourceQuality "1"]
[WhiteTeam "Zambia"]
[BlackTeam "Ivory Coast"]
[WhiteTeamCountry "ZAM"]
[BlackTeamCountry "IVO"]

1. c4 c5 2. g3 Nc6 3. Bg2 g6 4. Nc3 Bg7 5. Nf3 d6 6. 0-0 e6 7. a3 Nge7 8. b4 0-0 9. bxc5 dxc5 10. Bb2 b6 11. Qc2 Bb7 12. Ne4 e5 13. d3 h6 14. e3 Qc7 15. Nc3 Rad8 16. Nd2 Na5 17. e4 Nac6 18. Nd5 Nxd5 19. cxd5 Nd4 20. Bxd4 exd4 21. a4 f5 22. f4 fxe4 23. dxe4 Ba6 24. Nc4 Bb7 25. Rab1 g5 26. fxg5 hxg5 27. Rxf8+ Rxf8 28. a5 bxa5 29. d6 Qc8 30. Qb3 Rf7 31. Nxa5 Ba6 32. e5 c4 33. Qb8 Bxe5 34. Qxc8+ Bxc8 35. Nxc4 Bf5 36. Rb8+ Kg7 37. Nxe5 Rf6 38. Rb7+ Kh6 39. g4 Bc8 40. d7 Bxd7 41. Rxd7 Re6 42. Be4 1-0

[Event "Titled Tuesday intern op 13th Feb Early"]
[Site "Chess.com INT"]
[Date "2024.02.13"]
[Round "5"]
[White "Collins, Adam"]
[Black "Cogan, Nicolas"]
[Result "0-1"]
[WhiteElo "2189"]
[BlackElo "2070"]
[PlyCount "46"]
[EventDate "2024.02.13"]
[EventType "swiss (blitz)"]
[EventRounds "11"]
[EventCountry "USA"]
[SourceTitle "CB08_2024"]
[SourceDate "2024.02.21"]
[SourceVersion "1"]
[SourceVersionDate "2024.02.21"]
[SourceQuality "1"]

1. d4 Nf6 2. c4 e6 3. Nf3 Bb4+ 4. Nbd2 Qe7 5. a3 Bxd2+ 6. Qxd2 d6 7. e3 0-0 8. b4 e5 9. Qb2 Re8 10. Be2 Bg4 11. dxe5 dxe5 12. 0-0 Nbd7 13. Bd2 h6 14. Bc3 Ne4 15. Rad1 Nxc3 16. Qxc3 a5 17. h3 Bh5 18. Nxe5 Bxe2 19. Nxd7 Bxf1 20. Ne5 Qxe5 21. Qxe5 Rxe5 22. Kxf1 axb4 23. axb4 Re4 0-1

[Event "Titled Tuesday intern op 13th Feb Late"]
[Site "Chess.com INT"]
[Date "2024.02.13"]
[Round "4"]
[White "Ferreira, Vitor Hugo Vieira"]
[Black "Cogan, Nicolas"]
[Result "1-0"]
[WhiteElo "2128"]
[BlackElo "2070"]
[PlyCount "71"]
[EventDate "2024.02.13"]
[EventType "swiss (blitz)"]
[EventRounds "11"]
[EventCountry "USA"]
[SourceTitle "CB08_2024"]
[SourceDate "2024.02.21"]
[SourceVersion "1"]
[SourceVersionDate "2024.02.21"]
[SourceQuality "1"]

1. d4 Nf6 2. c4 e6 3. Nf3 Bb4+ 4. Bd2 Qe7 5. Nc3 d5 6. e3 0-0 7. Bd3 Nbd7 8. 0-0 dxc4 9. Bxc4 e5 10. dxe5 Nxe5 11. Nxe5 Qxe5 12. a3 Bg4 13. Qc2 Bd6 14. f4 Qh5 15. Rae1 Rfe8 16. h3 Bd7 17. Be2 Qh4 18. Bf3 Bc5 19. Nd1 Bb6 20. Nf2 Bb5 21. Be2 Bxe2 22. Rxe2 Rad8 23. Bc1 Qg3 24. Nh1 Qg6 25. Qxg6 hxg6 26. Nf2 Ne4 27. Nxe4 Rxe4 28. Kh2 Rde8 29. Rfe1 f6 30. Kg3 Kf7 31. Kf3 c6 32. Rd1 R4e6 33. Rd7+ R6e7 34. Rxe7+ Rxe7 35. e4 Rd7 36. Be3 1-0

[Event "Titled Tuesday intern op 13th Feb Late"]
[Site "Chess.com INT"]
[Date "2024.02.13"]
[Round "8"]
[White "Vila Dupla, Aurelio"]
[Black "Cogan, Nicolas"]
[Result "1-0"]
[WhiteElo "2042"]
[BlackElo "2070"]
[PlyCount "65"]
[EventDate "2024.02.13"]
[EventType "swiss (blitz)"]
[EventRounds "11"]
[EventCountry "USA"]
[SourceTitle "CB08_2024"]
[SourceDate "2024.02.21"]
[SourceVersion "1"]
[SourceVersionDate "2024.02.21"]
[SourceQuality "1"]

1. e4 Nf6 2. e5 Nd5 3. Nc3 Nb6 4. d4 d6 5. Nf3 g6 6. Be2 Bg7 7. 0-0 0-0 8. Bf4 h6 9. Qd2 Kh7 10. Rad1 Bg4 11. h3 Bxf3 12. Bxf3 d5 13. e6 fxe6 14. Rfe1 Rf6 15. Be5 Nc4 16. Qc1 Nxe5 17. dxe5 Rxf3 18. gxf3 Qf8 19. Qe3 Nd7 20. f4 a6 21. Ne2 c5 22. c3 Qf5 23. Kh2 Rf8 24. Rg1 b5 25. Rg3 Rc8 26. Rdg1 Nf8 27. Rg4 h5 28. Ng3 d4 29. cxd4 cxd4 30. Qxd4 Rc4 31. Nxf5 Rxd4 32. Nxd4 hxg4 33. hxg4 1-0

[Event "Titled Tuesday intern op 06th Feb Late"]
[Site "Chess.com INT"]
[Date "2024.02.06"]
[Round "10"]
[White "Cogan, Nicolas"]
[Black "Guzman Lozano, Campo Elias"]
[Result "1-0"]
[WhiteElo "2070"]
[BlackElo "1837"]
[PlyCount "101"]
[EventDate "2024.02.06"]
[EventType "swiss (blitz)"]
[EventRounds "11"]
[EventCountry "USA"]
[SourceTitle "CB07_2024"]
[SourceDate "2024.02.14"]
[SourceVersion "1"]
[SourceVersionDate "2024.02.14"]
[SourceQuality "1"]

1. d4 Nf6 2. c4 e6 3. Nc3 Bb4 4. Nf3 c5 5. e3 0-0 6. Bd3 d5 7. cxd5 Nxd5 8. Bd2 Nc6 9. a3 Ba5 10. 0-0 cxd4 11. exd4 Bc7 12. Bg5 f6 13. Bh4 Nxc3 14. bxc3 Ne7 15. Qc2 Nf5 16. Bg3 g6 17. Bxc7 Qxc7 18. Qb3 Bd7 19. Bc4 Rae8 20. Rfe1 Qd6 21. Nd2 b5 22. Bd3 Qf4 23. Ne4 Kg7 24. Bxb5 Rb8 25. a4 a6 26. Nc5 Bc8 27. Nxe6+ Bxe6 28. Qxe6 axb5 29. axb5 Rf7 30. Rab1 Re7 31. Qc4 Qd2 32. Rxe7+ Nxe7 33. Qc7 Re8 34. b6 Kh6 35. Qd7 Qc2 36. Re1 Qd2 37. Rf1 Rb8 38. Qxe7 Rxb6 39. Qe3+ Qxe3 40. fxe3 f5 41. Rc1 Rb3 42. Kf2 g5 43. c4 Kg6 44. Rc2 Kf6 45. g3 h5 46. c5 Ke6 47. h4 gxh4 48. gxh4 Rb7 49. c6 Rc7 50. Kf3 Kd5 51. Kf4 1-0

[Event "Titled Tuesday intern op 06th Feb Early"]
[Site "Chess.com INT"]
[Date "2024.02.06"]
[Round "4"]
[White "Cogan, Nicolas"]
[Black "Ismayil, Malak"]
[Result "1-0"]
[WhiteElo "2070"]
[BlackElo "2200"]
[PlyCount "73"]
[EventDate "2024.02.06"]
[EventType "swiss (blitz)"]
[EventRounds "11"]
[EventCountry "USA"]
[SourceTitle "CB07_2024"]
[SourceDate "2024.02.14"]
[SourceVersion "1"]
[SourceVersionDate "2024.02.14"]
[SourceQuality "1"]

1. d4 d5 2. c4 Nf6 3. cxd5 Nxd5 4. Nf3 Nc6 5. Bg5 h6 6. Bh4 g5 7. Bg3 e6 8. e3 Bb4+ 9. Nbd2 Qe7 10. Bb5 Bd7 11. a3 Ba5 12. b4 Bxb4 13. axb4 Nc3 14. Bxc6 Nxd1 15. Bxd7+ Qxd7 16. Rxd1 f6 17. 0-0 c6 18. Ne4 Kf7 19. Nd6+ Kg7 20. e4 h5 21. h4 g4 22. Ne1 Rad8 23. e5 f5 24. Nd3 Qe7 25. Bf4 Rd7 26. Bg5 Qf8 27. Bf6+ Kg8 28. Nf4 Rhh7 29. Nxe6 Qb8 30. Ng5 Rh6 31. Nxf5 Rg6 32. e6 Rd5 33. Be5 Rxe5 34. dxe5 Qxe5 35. Ne7+ Kg7 36. Nxg6 Kxg6 37. Rfe1 1-0

[Event "Titled Tuesday intern op 06th Feb Late"]
[Site "Chess.com INT"]
[Date "2024.02.06"]
[Round "8"]
[White "Ivanov, Aleksandr Y"]
[Black "Cogan, Nicolas"]
[Result "0-1"]
[WhiteElo "2068"]
[BlackElo "2070"]
[PlyCount "64"]
[EventDate "2024.02.06"]
[EventType "swiss (blitz)"]
[EventRounds "11"]
[EventCountry "USA"]
[SourceTitle "CB07_2024"]
[SourceDate "2024.02.14"]
[SourceVersion "1"]
[SourceVersionDate "2024.02.14"]
[SourceQuality "1"]

1. d4 Nf6 2. c4 e6 3. Nc3 Bb4 4. e3 0-0 5. Bd3 d5 6. Nge2 b6 7. 0-0 Ba6 8. cxd5 Bxd3 9. Qxd3 exd5 10. a3 Bd6 11. b4 a5 12. b5 Re8 13. a4 Nbd7 14. Ba3 Nf8 15. Bxd6 Qxd6 16. Rfc1 Ng4 17. Ng3 Rad8 18. Qf5 Nf6 19. Nce2 g6 20. Qc2 Rd7 21. Qc6 Qxc6 22. Rxc6 Re6 23. Rac1 Rxc6 24. Rxc6 Ne6 25. h3 Kg7 26. Kf1 Ne8 27. Ke1 Nd6 28. Nc1 Nc4 29. e4 Nxd4 30. exd5 Nxc6 31. dxc6 Re7+ 32. Nge2 Nb2 0-1